000 nam a22 7a 4500
999 _c128261
_d128261
008 180925b xxu||||| |||| 00| 0 eng d
020 _a091270578
050 _aBF76.7.P83 1983
245 _aPublication manual of the american Psychological Association
260 _aWashington, DC:
_bAmerican Psychological Association,
_c1983.
300 _a208p.;
_c26p.
650 _aCommunication in psychology
_942556
650 _aPsychology
_xAuthorship
_942557
700 _cAmerican Psychological Association
_942558
700 _cPublication manual
_942559
942 _2lcc
_cMONOGRAPH